| 000 | 00394nam a2200145Ia 4500 | ||
|---|---|---|---|
| 999 |
_c2263 _d2263 |
||
| 020 | _a81-7099-703-8 | ||
| 082 | _a025.1 MAH-; | ||
| 100 | _aMahavir Singh | ||
| 245 | 0 | _aJob motivation and organisational climate in libraries | |
| 260 |
_aNew Delhi _bMittal Publications _c1998 |
||
| 300 | _a148p. | ||
| 650 | _aLibraries - Services to families | ||
| 650 | _aLibrary administrators | ||
| 942 | _cBK | ||